| 000 | 00360nam a22001217a 4500 | ||
|---|---|---|---|
| 020 | _a9787509015292 | ||
| 040 | _cNUST CL | ||
| 082 |
_a362.580951 _bLEA |
||
| 245 | _aLeaving no one behind : China's stories of poverty alleviation / | ||
| 260 |
_bThe Contemporary World Press, _c2020. |
||
| 300 | _a2, 4, 4, 397 pages : illustrations ; 23 cm | ||
| 942 |
_2ddc _cBK |
||
| 999 |
_c586518 _d586518 |
||